[Event "Heusenstamm Sparkassen op 11th"]
[Site "Heusenstamm"]
[Date "2024.11.22"]
[Round "3"]
[White "Stephanblome, Felix"]
[Black "Schramm, Luca"]
[Result "1-0"]
[WhiteElo "2041"]
[BlackElo "1892"]
[PlyCount "91"]
[EventDate "2024.11.21"]
[EventType "swiss"]
[EventRounds "7"]
[EventCountry "GER"]
[SourceTitle "CB51_2024"]
[SourceDate "2024.12.18"]
[SourceVersion "1"]
[SourceVersionDate "2024.12.18"]
[SourceQuality "1"]

1. d4 Nf6 2. c4 e6 3. Nc3 Bb4 4. Bd2 0-0 5. Nf3 b6 6. e3 Bb7 7. Bd3 d5 8. 0-0 Be7 9. Qc2 c5 10. cxd5 exd5 11. b3 Nc6 12. Ne2 Rc8 13. Qb2 Ne4 14. Nc3 Nxd2 15. Qxd2 Bf6 16. Rac1 g6 17. dxc5 bxc5 18. Na4 Ne5 19. Nxc5 Nxf3+ 20. gxf3 Ba8 21. Rfd1 Be5 22. f4 Bd6 23. Na4 Qh4 24. Be2 Rxc1 25. Rxc1 g5 26. Qd4 f6 27. Bf3 Kh8 28. Bxd5 gxf4 29. Bxa8 Rxa8 30. Qxd6 fxe3 31. fxe3 Rg8+ 32. Kf1 Qh3+ 33. Ke2 Rg2+ 34. Kd3 Qf5+ 35. Kc3 Qa5+ 36. Qb4 Qe5+ 37. Qd4 Qa5+ 38. Kc4 Qc7+ 39. Nc5 Qb6 40. Qd5 Rg4+ 41. e4 a5 42. a3 Rg5 43. Qa8+ Rg8 44. Qa6 Qd8 45. Rf1 Rg6 46. Qe6 1-0

[Event "Marburg op"]
[Site "Marburg"]
[Date "2024.10.26"]
[Round "4"]
[White "Stephanblome, Felix"]
[Black "Cherny, Andrey"]
[Result "1-0"]
[WhiteElo "1991"]
[BlackElo "2176"]
[PlyCount "105"]
[EventDate "2024.10.24"]
[EventType "swiss"]
[EventRounds "7"]
[EventCountry "GER"]
[SourceTitle "CB16_2025"]
[SourceDate "2025.04.16"]
[SourceVersion "1"]
[SourceVersionDate "2025.04.16"]
[SourceQuality "1"]

1. d4 d5 2. c4 Nc6 3. Nc3 e6 4. Nf3 h6 5. Bf4 a6 6. e3 Nf6 7. cxd5 Nxd5 8. Bg3 Bb4 9. Qc2 0-0 10. Bd3 Bd6 11. a3 Re8 12. 0-0 Bxg3 13. hxg3 Nxc3 14. Qxc3 Qd6 15. Rfd1 Ne7 16. e4 c6 17. b4 b6 18. a4 a5 19. b5 Bd7 20. Ne5 Rec8 21. Qa3 c5 22. Nc4 Qb8 23. dxc5 Rxc5 24. Be2 Bc8 25. Rd6 Qc7 26. Rad1 Rb8 27. Qb3 Kh7 28. Qd3 e5 29. Rd8 Be6 30. Rxb8 Qxb8 31. Ne3 Nc8 32. Qd8 Qc7 33. Qxc7 Rxc7 34. Rd8 Bb3 35. Bd1 Rc1 36. Rxc8 Rxc8 37. Bxb3 f6 38. Nd5 Rb8 39. Kf1 Kg6 40. Ke2 Kg5 41. f4+ Kg6 42. Ne7+ Kh7 43. fxe5 fxe5 44. Nc6 Rf8 45. Bd5 Re8 46. Bf7 Rc8 47. Kd2 Rc7 48. Bd5 Kg6 49. Nxe5+ Kg5 50. Nc4 Kg4 51. Nxb6 Kxg3 52. Nc4 Kxg2 53. b6 1-0

[Event "Marburg op"]
[Site "Marburg"]
[Date "2024.10.24"]
[Round "1"]
[White "Stephanblome, Felix"]
[Black "Fettig, Michel"]
[Result "1-0"]
[WhiteElo "1991"]
[BlackElo "1683"]
[PlyCount "133"]
[EventDate "2024.10.24"]
[EventType "swiss"]
[EventRounds "7"]
[EventCountry "GER"]
[SourceTitle "CB16_2025"]
[SourceDate "2025.04.16"]
[SourceVersion "1"]
[SourceVersionDate "2025.04.16"]
[SourceQuality "1"]

1. e4 e6 2. d4 d5 3. Nd2 Nf6 4. e5 Nfd7 5. Bd3 c5 6. c3 Nc6 7. Ne2 Qb6 8. Nf3 Be7 9. 0-0 h6 10. Bc2 Qc7 11. Be3 b6 12. Re1 Bb7 13. Rc1 0-0-0 14. h4 Rdg8 15. Ng3 g5 16. h5 g4 17. Nh2 f5 18. exf6 Nxf6 19. Qd2 Bd6 20. Nhf1 Ba6 21. Bg6 Kb8 22. Bxh6 Rxh6 23. Qg5 Bf4 24. Qxf6 Bxc1 25. Rxc1 Bxf1 26. Rxf1 Rhh8 27. dxc5 bxc5 28. Qxe6 Ne7 29. Rd1 Rd8 30. Qxg4 Rhf8 31. Ne2 Rd6 32. f4 Qb6 33. Rd2 Nxg6 34. hxg6 Rxg6 35. Qh5 Rfg8 36. Qxd5 Rxg2+ 37. Qxg2 Rxg2+ 38. Kxg2 Qg6+ 39. Ng3 Qf6 40. Kf2 c4 41. Ke3 Qb6+ 42. Kf3 Qg1 43. f5 Qb6 44. Ne4 Qg1 45. Rf2 Qh1+ 46. Ke3 Qb1 47. Kd4 Qd3+ 48. Ke5 Qd8 49. f6 Qc7+ 50. Kd4 Qf7 51. Rf5 Qd7+ 52. Rd5 Qf7 53. Kxc4 Kc7 54. Kd4 Kc6 55. Rc5+ Kb6 56. Rg5 Qd7+ 57. Ke3 Qh3+ 58. Rg3 Qh6+ 59. Rg5 Qh3+ 60. Kf4 Qh4+ 61. Ke5 Qh2+ 62. Ke6 Qh3+ 63. Rf5 Qe3 64. Ke5 Qh6 65. f7 Qh2+ 66. Rf4 Qh8+ 67. Rf6+ 1-0

[Event "GER-ch U14"]
[Site "Willingen"]
[Date "2024.05.23"]
[Round "7"]
[White "Schuricht, Emil Frederick"]
[Black "Stephanblome, Felix"]
[Result "1/2-1/2"]
[WhiteElo "2027"]
[BlackElo "1867"]
[PlyCount "64"]
[EventDate "2024.05.19"]
[EventType "swiss"]
[EventRounds "9"]
[EventCountry "GER"]
[SourceTitle "CBM 220 Extra"]
[Source "ChessBase"]
[SourceDate "2024.07.31"]
[SourceVersion "1"]
[SourceVersionDate "2024.07.31"]
[SourceQuality "1"]

1. d4 d5 2. c4 e6 3. Nf3 Nf6 4. g3 Be7 5. Bg2 0-0 6. 0-0 c6 7. Qc2 b6 8. Nbd2 Bb7 9. e4 Na6 10. Rd1 Qc7 11. b3 Nb4 12. Qb1 dxe4 13. Nxe4 Nxe4 14. Qxe4 c5 15. Qe2 cxd4 16. Nxd4 Bxg2 17. Kxg2 Rfd8 18. Bb2 Bf6 19. Kg1 Bxd4 20. Bxd4 Nc6 21. Bb2 Rxd1+ 22. Rxd1 Rd8 23. Ba1 Qe7 24. Kg2 Rxd1 25. Qxd1 f6 26. Bc3 a5 27. Qd3 Qc7 28. Qe3 e5 29. c5 b5 30. Qd3 b4 31. Qd5+ Kf8 32. Bb2 Ne7 1/2-1/2

[Event "GER-ch U14"]
[Site "Willingen"]
[Date "2024.05.22"]
[Round "6"]
[White "Stephanblome, Felix"]
[Black "Sickmann, Lisa"]
[Result "1/2-1/2"]
[WhiteElo "1867"]
[BlackElo "1980"]
[PlyCount "77"]
[EventDate "2024.05.19"]
[EventType "swiss"]
[EventRounds "9"]
[EventCountry "GER"]
[SourceTitle "CBM 220 Extra"]
[Source "ChessBase"]
[SourceDate "2024.07.31"]
[SourceVersion "1"]
[SourceVersionDate "2024.07.31"]
[SourceQuality "1"]

1. d4 d5 2. c4 e6 3. Nc3 Be7 4. cxd5 exd5 5. Bf4 c6 6. e3 Bf5 7. Nge2 Nd7 8. Ng3 Bg6 9. Be2 Ngf6 10. h4 h5 11. Rc1 a5 12. a4 Qb6 13. Qd2 Bb4 14. 0-0 0-0 15. Qd1 Be7 16. Qd2 Rfe8 17. Bd3 Nf8 18. Nf5 Bb4 19. Qc2 Qd8 20. Na2 Ne4 21. Bxe4 Rxe4 22. f3 Re8 23. Bg5 Qd7 24. g4 Ne6 25. gxh5 Nxd4 26. exd4 Bxf5 27. Qh2 Bd3 28. Rf2 Bd6 29. Bf4 Bxf4 30. Qxf4 Qf5 31. Qxf5 Bxf5 32. Rg2 Re3 33. Kf2 Rae8 34. Rcg1 Re2+ 35. Kg3 Bc2 36. Nc3 Rxg2+ 37. Rxg2 Bb3 38. Kf4 Re1 39. h6 1/2-1/2

[Event "GER-ch U14"]
[Site "Willingen"]
[Date "2024.05.19"]
[Round "1"]
[White "Herrmann, Jakob"]
[Black "Stephanblome, Felix"]
[Result "1/2-1/2"]
[WhiteElo "2060"]
[BlackElo "1867"]
[PlyCount "107"]
[EventDate "2024.05.19"]
[EventType "swiss"]
[EventRounds "9"]
[EventCountry "GER"]
[SourceTitle "CBM 220 Extra"]
[Source "ChessBase"]
[SourceDate "2024.07.31"]
[SourceVersion "1"]
[SourceVersionDate "2024.07.31"]
[SourceQuality "1"]

1. Nf3 d5 2. g3 Nf6 3. Bg2 e6 4. 0-0 Be7 5. c4 0-0 6. d4 c6 7. Qc2 Nbd7 8. Nbd2 b6 9. e4 dxe4 10. Nxe4 Nxe4 11. Qxe4 Bb7 12. Bf4 Nf6 13. Qe2 Qc8 14. Rad1 Rd8 15. Bh3 h6 16. Ne5 Bd6 17. Rfe1 Bxe5 18. Bxe5 Nd7 19. Bd6 Re8 20. Qd2 c5 21. d5 exd5 22. cxd5 Rxe1+ 23. Rxe1 Qd8 24. Bg2 Qf6 25. Be7 Qd4 26. Qxd4 cxd4 27. Bh3 Nf6 28. d6 Bc6 29. Rc1 d3 30. Bxf6 d2 31. Rd1 gxf6 32. Rxd2 Rd8 33. f4 Kf8 34. Kf2 Ke8 35. Ke3 Bd7 36. Bxd7+ Kxd7 37. Ke4 Ke6 38. d7 f5+ 39. Kf3 Rxd7 40. Rxd7 Kxd7 41. h3 h5 42. g4 hxg4+ 43. hxg4 Ke6 44. gxf5+ Kxf5 45. b3 a6 46. a3 f6 47. a4 a5 48. Ke3 Ke6 49. Ke4 f5+ 50. Kd4 Kd6 51. Kc4 Kc6 52. b4 axb4 53. Kxb4 Kc7 54. Kb5 1/2-1/2

[Event "Heusenstamm Sparkassen op-A 9th"]
[Site "Heusenstamm"]
[Date "2023.11.25"]
[Round "5"]
[White "Pfarr, Michael"]
[Black "Stephanblome, Felix"]
[Result "0-1"]
[WhiteElo "2039"]
[BlackElo "1683"]
[PlyCount "60"]
[EventDate "2023.11.23"]
[EventType "swiss"]
[EventRounds "7"]
[EventCountry "GER"]
[SourceTitle "CBM 217 Extra"]
[Source "ChessBase"]
[SourceDate "2024.01.31"]
[SourceVersion "1"]
[SourceVersionDate "2024.01.31"]
[SourceQuality "1"]

1. e4 e5 2. Nf3 Nc6 3. Bc4 Bc5 4. c3 Nf6 5. d3 d6 6. a4 a5 7. Bg5 Be6 8. Nbd2 Bb6 9. Qe2 h6 10. Bh4 g5 11. Bg3 Nh5 12. Bxe6 fxe6 13. Nc4 Nxg3 14. hxg3 Ba7 15. 0-0-0 Qf6 16. Ne3 h5 17. Nd2 0-0-0 18. f3 d5 19. Kc2 Qe7 20. Rb1 Qc5 21. Nec4 dxc4 22. Nxc4 Qf2 23. Rbe1 Qxg3 24. Rh3 Qf2 25. Qxf2 Bxf2 26. Rf1 Bc5 27. Rfh1 h4 28. Kd2 Bf2 29. Ke2 Bg3 30. Ne3 Ne7 0-1